000 00707nam a22002057a 4500
001 84809
003 BD-RjUL
005 20250415112039.0
008 250415s1955 ii ||||| |||| 00| 0 urd d
035 _a(BD-RjUL)84809
040 _aBD-RjUL
_beng
_cBD-RjUL
041 _aurd
082 _223
_a891.439309
_bHUN 1955
100 _aحسینی، علی عبّاس ;; Hussaini, Ali Abbas
_915236
245 1 0 _aاردو ناول کی تاریخ اور تنقید / Urdū nāvil ke tārīk̲h̲ī aur tanqīd /
_cعلی عبّاس حسینی ;; ʻAlī ʻAbbās Ḥusainī
260 _aLakhnu :
_bانڈین بک ڈپو ,
_c1955
300 _a450 p. ;
_c18 cm
650 _aUrdu
_vFiction
_95150
942 _2ddc
_cBK
999 _c84809
_d84809